| 000 | 00851cam a2200289 a 4500 | ||
|---|---|---|---|
| 005 | 20260322212048.0 | ||
| 008 | data | ||
| 010 | _a 83046089 | ||
| 020 |
_a0465014461 : _c{dollar}19.95 |
||
| 020 |
_a9780465014460 : _c{dollar}19.95 |
||
| 040 |
_aDLC _cDLC _dDLC |
||
| 041 | 1 | _aengger | |
| 050 | 0 | 0 |
_aQB981 _b.F7413 1984 |
| 082 | 0 | 0 |
_a523.1 _219 |
| 092 | _a523.1 F7413 1984 | ||
| 100 | 1 |
_aFritzsch, Harald, _d1943- |
|
| 240 | 1 | 0 |
_aVom Urknall zum Zerfall. _lEnglish |
| 245 | 1 | 4 |
_aThe creation of matter : _bthe universe from beginning to end / _cHarald Fritzsch. |
| 260 |
_aNew York : _bBasic Books, _cc1984. |
||
| 300 |
_ax, 307 p. : _bill. ; _c22 cm. |
||
| 500 | _aTranslation of: Vom Urknall zum Zerfall. | ||
| 500 | _aIncludes index. | ||
| 650 | 0 | _aCosmology. | |
| 650 | 0 | _aBig bang theory. | |
| 650 | 0 |
_aMatter _xConstitution. |
|
| 001 | data | ||
| 999 |
_c1140 _d1140 |
||